[Event "Hamburg HSK Christmas op"]
[Site "Hamburg"]
[Date "2022.12.27"]
[Round "2"]
[White "Zieher, Hartmut"]
[Black "Serrer, David"]
[Result "1-0"]
[WhiteElo "2120"]
[BlackElo "1853"]
[PlyCount "105"]
[EventDate "2022.12.27"]
[EventType "swiss"]
[EventRounds "7"]
[EventCountry "GER"]
[SourceTitle "EXT 2024"]
[Source "ChessBase"]
[SourceDate "2023.10.10"]
[SourceVersion "1"]
[SourceVersionDate "2023.10.10"]
[SourceQuality "1"]

1. e4 e5 2. Nf3 Nc6 3. Bb5 a6 4. Ba4 Nf6 5. 0-0 Be7 6. Re1 b5 7. Bb3 0-0 8. Nc3 d6 9. h3 Na5 10. d3 h6 11. Ne2 c5 12. Bd2 Nxb3 13. axb3 Be6 14. Ng3 Qd7 15. Ra5 Bd8 16. Ra3 a5 17. Qe2 a4 18. Rea1 Be7 19. c4 Qb7 20. bxa4 Rxa4 21. Rxa4 bxa4 22. Bc3 Bd7 23. Nf5 Bc6 24. N3h4 Rb8 25. Nxe7+ Qxe7 26. Nf5 Qf8 27. f4 Nd7 28. Qf3 g6 29. Ne3 f5 30. Qg3 Kh7 31. exf5 gxf5 32. Nd5 Qf7 33. fxe5 Bxd5 34. cxd5 Qxd5 35. Rxa4 dxe5 36. Ra7 Rg8 37. Qf2 f4 38. Bxe5 Qxe5 39. Rxd7+ Rg7 40. Rxg7+ Kxg7 41. Kf1 Qd5 42. Qe2 Qd4 43. Ke1 Qg1+ 44. Kd2 Qd4 45. Kc1 Kf6 46. Qf3 h5 47. h4 Qg1+ 48. Kc2 Qd4 49. g3 Qa4+ 50. Kb1 Ke5 51. Qxh5+ Kd6 52. Qf3 Qa5 53. Qxf4+ 1-0

[Event "GER Cup Net Final-C U1600"]
[Site "Playchess.com INT"]
[Date "2020.06.06"]
[Round "11"]
[White "Schneider, Martin3333"]
[Black "Serrer, David"]
[Result "0-1"]
[WhiteElo "1552"]
[BlackElo "1918"]
[PlyCount "94"]
[EventDate "2020.06.06"]
[EventType "swiss (blitz)"]
[EventRounds "13"]
[EventCountry "GER"]
[SourceTitle "CBM 197 Extra"]
[Source "ChessBase"]
[SourceDate "2020.09.30"]
[SourceVersion "1"]
[SourceVersionDate "2020.09.30"]
[SourceQuality "1"]

1. e4 c5 2. Nf3 Nc6 3. d4 cxd4 4. Nxd4 Nf6 5. Nc3 e5 6. Ndb5 d6 7. a4 a6 8. Na3 Be7 9. Bc4 0-0 10. 0-0 Be6 11. Nd5 Nxe4 12. Nxe7+ Qxe7 13. Be3 Nf6 14. c3 d5 15. Be2 Rfd8 16. Nc2 Rac8 17. Qd2 Ne4 18. Qe1 d4 19. cxd4 exd4 20. Bf4 d3 21. Bf3 Nxf2 22. Rxf2 dxc2 23. Rxc2 Nd4 24. Rxc8 Nxf3+ 25. gxf3 Rxc8 26. Qe4 Qc5+ 27. Be3 Qd5 28. Re1 Qxe4 29. fxe4 Rc4 30. a5 Rxe4 31. Kf2 Rb4 32. Rc1 h6 33. Rc2 Rb5 34. Bb6 Bf5 35. Rd2 g5 36. Rd8+ Kh7 37. Rb8 Rxb2+ 38. Kg3 Be4 39. h4 Kg6 40. hxg5 hxg5 41. Rg8+ Kf5 42. Rb8 Rg2+ 43. Kh3 g4+ 44. Kh4 Rh2+ 45. Kg3 Rh3+ 46. Kf2 g3+ 47. Kg1 Rh1# 0-1

[Event "GER Cup Net Final-C U1600"]
[Site "Playchess.com INT"]
[Date "2020.06.06"]
[Round "1"]
[White "Serrer, David"]
[Black "Schell, Andreas"]
[Result "1-0"]
[WhiteElo "1915"]
[BlackElo "1502"]
[PlyCount "61"]
[EventDate "2020.06.06"]
[EventType "swiss (blitz)"]
[EventRounds "13"]
[EventCountry "GER"]
[SourceTitle "CBM 197 Extra"]
[Source "ChessBase"]
[SourceDate "2020.09.30"]
[SourceVersion "1"]
[SourceVersionDate "2020.09.30"]
[SourceQuality "1"]

1. e4 g6 2. d4 Bg7 3. Nc3 e6 4. Nf3 Ne7 5. Be3 b6 6. Qd2 Bb7 7. Be2 d6 8. 0-0 Nd7 9. Rad1 f5 10. Ng5 Nf8 11. f3 Qd7 12. a4 0-0-0 13. a5 h6 14. Nf7 fxe4 15. fxe4 Ng8 16. Nxh8 Bxh8 17. axb6 cxb6 18. Rf2 g5 19. Rdf1 Nh7 20. Rf7 Qe8 21. Rxh7 Nf6 22. Rxb7 Kxb7 23. Ra1 Qg6 24. Ba6+ Kc7 25. Qd3 Kd7 26. Bb5+ Ke7 27. Rxa7+ Kf8 28. Qf1 e5 29. dxe5 dxe5 30. Nd5 Rxd5 31. exd5 1-0

[Event "GER Cup Net Final-C U1600"]
[Site "Playchess.com INT"]
[Date "2020.06.06"]
[Round "3"]
[White "Winkler, Andreas1111"]
[Black "Serrer, David"]
[Result "0-1"]
[WhiteElo "1481"]
[BlackElo "1889"]
[PlyCount "94"]
[EventDate "2020.06.06"]
[EventType "swiss (blitz)"]
[EventRounds "13"]
[EventCountry "GER"]
[SourceTitle "CBM 197 Extra"]
[Source "ChessBase"]
[SourceDate "2020.09.30"]
[SourceVersion "1"]
[SourceVersionDate "2020.09.30"]
[SourceQuality "1"]

1. e4 c5 2. Nf3 Nc6 3. d4 cxd4 4. Nxd4 Nf6 5. Nc3 e5 6. Ndb5 d6 7. Be2 a6 8. Na3 b5 9. Bg5 b4 10. Nd5 bxa3 11. bxa3 Be7 12. 0-0 Nxd5 13. Qxd5 Bd7 14. Bxe7 Qxe7 15. h3 0-0 16. c3 Rac8 17. Bxa6 Be6 18. Qd3 Rc7 19. Bb5 Rb8 20. a4 Na5 21. c4 Nxc4 22. Bxc4 Bxc4 23. Qa3 Bxf1 24. Rxf1 Rbc8 25. a5 Ra7 26. a6 Rc6 27. Qb4 Qd8 28. Rb1 Rcxa6 29. Qb8 Ra8 30. Qb7 Rxa2 31. Kh2 h6 32. Rf1 Qf6 33. Qb6 d5 34. Qxf6 gxf6 35. exd5 Rd2 36. f4 e4 37. Re1 f5 38. Kg3 Rxd5 39. Kh4 Kg7 40. g4 fxg4 41. hxg4 Re8 42. f5 e3 43. Re2 Rd2 44. Re1 e2 45. Kg3 Rd1 46. Kf2 Rxe1 47. Kxe1 Kf6 0-1

[Event "GER Pfingstopen U16"]
[Site "Playchess.com INT"]
[Date "2020.06.05"]
[Round "8"]
[White "Serrer, David"]
[Black "Koelle, Tobias"]
[Result "1/2-1/2"]
[WhiteElo "1962"]
[BlackElo "2325"]
[PlyCount "58"]
[EventDate "2020.06.05"]
[EventType "swiss (blitz)"]
[EventRounds "11"]
[EventCountry "GER"]
[SourceTitle "CBM 197 Extra"]
[Source "ChessBase"]
[SourceDate "2020.09.30"]
[SourceVersion "1"]
[SourceVersionDate "2020.09.30"]
[SourceQuality "1"]

1. e4 e5 2. Nf3 Nc6 3. Bb5 a6 4. Ba4 Nf6 5. 0-0 Nxe4 6. Re1 Nc5 7. Bxc6 dxc6 8. d4 Ne6 9. dxe5 Qxd1 10. Rxd1 Be7 11. Nc3 0-0 12. Ne4 c5 13. Be3 b6 14. c4 Bb7 15. Nc3 Rfd8 16. Nd5 Kf8 17. Rd2 b5 18. b3 b4 19. Rad1 h6 20. Kf1 a5 21. Nxe7 Kxe7 22. Rxd8 Rxd8 23. Rxd8 Kxd8 24. Nd2 Kd7 25. g3 g5 26. Ke2 Ke7 27. Kd3 Bg2 28. Ne4 Bf3 29. Nxc5 Nxc5+ 1/2-1/2

[Event "GER Pfingstopen U25"]
[Site "Playchess.com INT"]
[Date "2020.06.02"]
[Round "10"]
[White "Serrer, David"]
[Black "Dauner, Benedikt"]
[Result "0-1"]
[WhiteElo "1952"]
[BlackElo "2053"]
[PlyCount "86"]
[EventDate "2020.06.02"]
[EventType "swiss (blitz)"]
[EventRounds "11"]
[EventCountry "GER"]
[SourceTitle "CBM 197 Extra"]
[Source "ChessBase"]
[SourceDate "2020.09.30"]
[SourceVersion "1"]
[SourceVersionDate "2020.09.30"]
[SourceQuality "1"]

1. d4 Nf6 2. c4 Nc6 3. Nf3 e6 4. Bg5 h6 5. Bh4 Bb4+ 6. Nc3 g5 7. Bg3 Ne4 8. Qd3 d5 9. e3 h5 10. h3 Nxg3 11. fxg3 Bd6 12. Kf2 h4 13. g4 Bg3+ 14. Kg1 Ne7 15. Ne2 dxc4 16. Qxc4 Bd6 17. e4 Ng6 18. Rd1 0-0 19. e5 Be7 20. Nc3 c6 21. Ne4 Nf4 22. Kh2 Nd5 23. Qc1 Nf4 24. Bc4 b5 25. Bb3 Bb7 26. Nc5 Qc7 27. Rhe1 Rad8 28. Ne4 f6 29. Kh1 fxe5 30. Nfxg5 exd4 31. Nxe6 Nxe6 32. Bxe6+ Kg7 33. Rf1 c5 34. Bf5 c4 35. Rf2 Qe5 36. Rdf1 Bxe4 37. Bxe4 Qxe4 38. Rxf8 Rxf8 39. Rxf8 Kxf8 40. Qh6+ Ke8 41. Qh8+ Kd7 42. Qxh4 Bxh4 43. Kh2 Qe5+ 0-1

[Event "GER Cup Net V4 U1600"]
[Site "Playchess.com INT"]
[Date "2020.05.31"]
[Round "8"]
[White "Serrer, David"]
[Black "Espig, Nils"]
[Result "1/2-1/2"]
[WhiteElo "2003"]
[BlackElo "1637"]
[PlyCount "43"]
[EventDate "2020.05.31"]
[EventType "swiss (blitz)"]
[EventRounds "9"]
[EventCountry "GER"]
[SourceTitle "EXT 2021"]
[Source "ChessBase"]
[SourceDate "2020.10.23"]
[SourceVersion "1"]
[SourceVersionDate "2020.10.23"]
[SourceQuality "1"]

1. d4 d5 2. c4 dxc4 3. e4 e5 4. Nf3 exd4 5. Bxc4 Nc6 6. 0-0 Bc5 7. Qb3 Qe7 8. Bg5 Qd7 9. Nbd2 Na5 10. Bxf7+ Qxf7 11. Qb5+ Bd7 12. Qxc5 Nc6 13. Nxd4 Nxd4 14. Qxd4 Ne7 15. Bxe7 Qxe7 16. Rac1 c6 17. Nc4 0-0 18. f3 Be6 19. Rfd1 Rfd8 20. Qc3 Qc5+ 21. Ne3 Qxc3 22. bxc3 1/2-1/2

[Event "GER Cup Net V4 U1600"]
[Site "Playchess.com INT"]
[Date "2020.05.31"]
[Round "3"]
[White "Serrer, David"]
[Black "Tonne, Grant Hendrik"]
[Result "1-0"]
[WhiteElo "2003"]
[BlackElo "1620"]
[PlyCount "65"]
[EventDate "2020.05.31"]
[EventType "swiss (blitz)"]
[EventRounds "9"]
[EventCountry "GER"]
[SourceTitle "EXT 2021"]
[Source "ChessBase"]
[SourceDate "2020.10.23"]
[SourceVersion "1"]
[SourceVersionDate "2020.10.23"]
[SourceQuality "1"]

1. e4 e5 2. Nf3 Nc6 3. Bb5 a6 4. Ba4 Nf6 5. 0-0 b5 6. Bb3 d6 7. Re1 Be7 8. c3 0-0 9. h3 Na5 10. Bc2 c5 11. d3 Qc7 12. a4 bxa4 13. Rxa4 Bd7 14. Ra1 Be6 15. Nbd2 h6 16. Nf1 Rab8 17. Ng3 Bd8 18. Nh2 Nh7 19. f4 exf4 20. Bxf4 Rxb2 21. Nh5 Bh4 22. Rf1 Bg5 23. Bg3 Ra8 24. Nf3 Be3+ 25. Kh1 Nc6 26. Re1 Bg5 27. Nxg5 hxg5 28. Qc1 Rab8 29. Rxa6 Rb1 30. Bxb1 Qb7 31. Ra1 Qb2 32. Qxb2 Rxb2 33. Bxd6 1-0

[Event "GER Cup Net V4 U1600"]
[Site "Playchess.com INT"]
[Date "2020.05.31"]
[Round "2"]
[White "Smith, Tobias"]
[Black "Serrer, David"]
[Result "0-1"]
[WhiteElo "1496"]
[BlackElo "2003"]
[PlyCount "80"]
[EventDate "2020.05.31"]
[EventType "swiss (blitz)"]
[EventRounds "9"]
[EventCountry "GER"]
[SourceTitle "EXT 2021"]
[Source "ChessBase"]
[SourceDate "2020.10.23"]
[SourceVersion "1"]
[SourceVersionDate "2020.10.23"]
[SourceQuality "1"]

1. e4 c5 2. Nf3 Nc6 3. d4 cxd4 4. Nxd4 Nf6 5. Nc3 e5 6. Ndb5 d6 7. Nd5 Nxd5 8. exd5 Nb8 9. c4 Be7 10. b3 0-0 11. Bb2 Nd7 12. Bd3 g6 13. 0-0 f5 14. f4 Bf6 15. Nxd6 Qb6+ 16. Kh1 Qxd6 17. fxe5 Nxe5 18. a4 Nxd3 19. Qxd3 Bxb2 20. Rab1 Be5 21. Rfe1 Bd7 22. h3 a5 23. Re2 Rfe8 24. Rbe1 Bf6 25. Rxe8+ Rxe8 26. Rxe8+ Bxe8 27. Qf3 b6 28. g3 Kg7 29. Kg2 Qe5 30. h4 Qe4 31. Qxe4 fxe4 32. Kf2 Bd4+ 33. Ke2 Bd7 34. Kd2 e3+ 35. Ke2 Bg4+ 36. Ke1 Bc3+ 37. Kf1 e2+ 38. Kf2 e1Q+ 39. Kg2 Qe2+ 40. Kh1 Qf1+ 0-1

[Event "GER-ch U18 sf Berlin Online"]
[Site "Playchess.com INT"]
[Date "2020.05.01"]
[Round "2"]
[White "Lieske, Aaron"]
[Black "Serrer, David"]
[Result "0-1"]
[WhiteElo "1620"]
[BlackElo "1790"]
[PlyCount "60"]
[EventDate "2020.05.01"]
[EventType "swiss (blitz)"]
[EventRounds "13"]
[EventCountry "GER"]
[SourceTitle "CBM 195 Extra"]
[Source "ChessBase"]
[SourceDate "2020.05.31"]
[SourceVersion "1"]
[SourceVersionDate "2020.05.31"]
[SourceQuality "1"]

1. e4 c5 2. Nf3 Nc6 3. d4 cxd4 4. Nxd4 Nf6 5. Nc3 e5 6. Nf3 Bb4 7. Bd2 0-0 8. Bd3 d6 9. h3 Be6 10. 0-0 h6 11. Re1 a6 12. a3 Bc5 13. Qc1 Re8 14. Be3 b5 15. Bxc5 dxc5 16. Qe3 c4 17. Bf1 Qc7 18. Rad1 Rad8 19. Qc5 Nd7 20. Nd5 Bxd5 21. exd5 Nxc5 22. dxc6 Rxd1 23. Rxd1 Rd8 24. Re1 f6 25. Nh4 Qxc6 26. Nf5 Qe6 27. g4 e4 28. Bg2 Rd2 29. c3 Rxb2 30. Rd1 Nd3 0-1

[Event "GER-ch U18 sf Berlin Online"]
[Site "Playchess.com INT"]
[Date "2020.05.01"]
[Round "8"]
[White "Serrer, David"]
[Black "Eulenstein, Conrad"]
[Result "1-0"]
[WhiteElo "1790"]
[BlackElo "1620"]
[PlyCount "113"]
[EventDate "2020.05.01"]
[EventType "swiss (blitz)"]
[EventRounds "13"]
[EventCountry "GER"]
[SourceTitle "CBM 195 Extra"]
[Source "ChessBase"]
[SourceDate "2020.05.31"]
[SourceVersion "1"]
[SourceVersionDate "2020.05.31"]
[SourceQuality "1"]

1. d4 d5 2. c4 e6 3. Nc3 c5 4. e3 Nc6 5. Nf3 Be7 6. dxc5 Bxc5 7. cxd5 exd5 8. Qxd5 Qxd5 9. Nxd5 Bd6 10. Bb5 Bd7 11. 0-0 Nge7 12. Nxe7 Nxe7 13. Bxd7+ Kxd7 14. Rd1 Kc7 15. Bd2 Nc6 16. Rac1 Rad8 17. Nd4 Rc8 18. Nb5+ Kd7 19. Bc3 Ke7 20. Nxd6 Rcd8 21. Nf5+ Ke8 22. Nxg7+ Kf8 23. Rxd8+ Nxd8 24. Ne6+ Nxe6 25. Bxh8 Ke7 26. Bd4 a6 27. Kf1 Kd6 28. Ke2 Ng5 29. Kd3 Ne6 30. f3 h6 31. Rc8 Kd7 32. Rh8 h5 33. Rxh5 Nc7 34. Rh7 Ke6 35. g4 Nd5 36. Rh6+ Ke7 37. Ke4 Nc7 38. f4 Ne6 39. f5 Nc7 40. Rb6 Ne8 41. Rxb7+ Kf8 42. Rb8 Ke7 43. Bc5+ Kd7 44. Rxe8 Kxe8 45. h4 f6 46. h5 Kf7 47. h6 Kg8 48. Be7 Kh7 49. Bxf6 Kxh6 50. g5+ Kh5 51. g6 Kg4 52. g7 Kg3 53. g8Q+ Kf2 54. Bh4+ Ke2 55. Qg2+ Kd1 56. Kd3 Kc1 57. Qc2# 1-0

[Event "GER-ch Net Amateur Gr-C Final"]
[Site "Playchess.com INT"]
[Date "2020.04.18"]
[Round "13"]
[White "Koholka, Jan"]
[Black "Serrer, David"]
[Result "1-0"]
[WhiteElo "1814"]
[BlackElo "1727"]
[PlyCount "37"]
[EventDate "2020.04.18"]
[EventType "swiss (blitz)"]
[EventRounds "13"]
[EventCountry "GER"]
[SourceTitle "CBM 195 Extra"]
[Source "ChessBase"]
[SourceDate "2020.05.31"]
[SourceVersion "1"]
[SourceVersionDate "2020.05.31"]
[SourceQuality "1"]

1. e4 c5 2. Nf3 Nc6 3. d4 cxd4 4. Nxd4 Nf6 5. Nc3 e5 6. Ndb5 d6 7. Bg5 a6 8. Bxf6 gxf6 9. Na3 b5 10. Nd5 Bg7 11. Bd3 0-0 12. c4 b4 13. Nc2 a5 14. b3 Ne7 15. Nce3 Be6 16. Qh5 Ng6 17. 0-0 Bxd5 18. exd5 Nf4 19. Qxh7# 1-0

[Event "GER-ch Net Amateur Gr-C Final"]
[Site "Playchess.com INT"]
[Date "2020.04.18"]
[Round "10"]
[White "Lampe, Finn"]
[Black "Serrer, David"]
[Result "0-1"]
[WhiteElo "1622"]
[BlackElo "1727"]
[PlyCount "52"]
[EventDate "2020.04.18"]
[EventType "swiss (blitz)"]
[EventRounds "13"]
[EventCountry "GER"]
[SourceTitle "CBM 195 Extra"]
[Source "ChessBase"]
[SourceDate "2020.05.31"]
[SourceVersion "1"]
[SourceVersionDate "2020.05.31"]
[SourceQuality "1"]

1. e4 c5 2. Nf3 Nc6 3. d4 cxd4 4. Nxd4 Nf6 5. Nc3 e5 6. Nf3 Bb4 7. Bd3 d5 8. exd5 Nxd5 9. Bd2 Nf4 10. Bxf4 Bxc3+ 11. bxc3 exf4 12. 0-0 0-0 13. Qd2 Qc7 14. Rfe1 Bg4 15. Be4 Rad8 16. Nd4 Rfe8 17. Bxc6 bxc6 18. f3 Bc8 19. Qf2 Ba6 20. Qh4 Qa5 21. Nxc6 Qxc3 22. Nxd8 Rxe1+ 23. Rxe1 h6 24. Re8+ Kh7 25. Qe1 Qc4 26. Qe4+ g6 0-1

[Event "GER-ch Net Amateur Gr-C Final"]
[Site "Playchess.com INT"]
[Date "2020.04.18"]
[Round "8"]
[White "Serrer, David"]
[Black "Jathe, Tim"]
[Result "0-1"]
[WhiteElo "1727"]
[BlackElo "1766"]
[PlyCount "158"]
[EventDate "2020.04.18"]
[EventType "swiss (blitz)"]
[EventRounds "13"]
[EventCountry "GER"]
[SourceTitle "CBM 195 Extra"]
[Source "ChessBase"]
[SourceDate "2020.05.31"]
[SourceVersion "1"]
[SourceVersionDate "2020.05.31"]
[SourceQuality "1"]

1. d4 Nf6 2. c4 c5 3. d5 e5 4. Nc3 d6 5. e4 Be7 6. Bd3 Nbd7 7. Nge2 Nf8 8. 0-0 Ng6 9. f4 exf4 10. Nxf4 Ne5 11. a3 Bg4 12. Be2 0-0 13. h3 Bd7 14. Nd3 Nxd3 15. Qxd3 Ne8 16. Bf4 Bg5 17. Qg3 Bxf4 18. Qxf4 Qe7 19. Bg4 Bxg4 20. Qxg4 Nf6 21. Qf3 Nd7 22. Rae1 Ne5 23. Qe2 Qg5 24. Rf5 Qg6 25. Ref1 f6 26. Nb5 Rfd8 27. Nc7 Rac8 28. Ne6 Re8 29. Nf4 Qf7 30. Nh5 Rf8 31. R5f4 Nxc4 32. Qxc4 Qxh5 33. Qb5 Qf7 34. b4 cxb4 35. axb4 Qc7 36. R4f2 a6 37. Qd3 Qb6 38. Qd2 Rc4 39. Kh1 Qxb4 40. Qxb4 Rxb4 41. e5 dxe5 42. Rd2 Rd8 43. Rfd1 Rc4 44. d6 b5 45. Kg1 a5 46. Rd5 b4 47. Rxa5 Rc6 48. d7 Rc7 49. Rad5 Kf7 50. Kf2 Ke7 51. Rb5 Rcxd7 52. Rxd7+ Rxd7 53. Rxb4 Rd4 54. Rb6 Kf7 55. Ke3 Kg6 56. Kf3 Kf5 57. Ke3 h5 58. Rb7 g5 59. Rh7 h4 60. Ra7 Rb4 61. Ra5 Rb2 62. Kf3 Kg6 63. Ke4 Rxg2 64. Kf3 Rg3+ 65. Kf2 Rxh3 66. Kg2 Rg3+ 67. Kh2 e4 68. Ra2 e3 69. Re2 f5 70. Re1 f4 71. Re2 Kf5 72. Re1 Ke4 73. Re2 Kd3 74. Ra2 e2 75. Ra3+ Ke4 76. Ra1 Re3 77. Ra4+ Kf3 78. Rd4 e1Q 79. Rxf4+ Kxf4 0-1

[Event "GER-ch Net Amateur Gr-C Vor3"]
[Site "Playchess.com INT"]
[Date "2020.04.16"]
[Round "3"]
[White "Helmer, Andreas"]
[Black "Serrer, David"]
[Result "1-0"]
[WhiteElo "1605"]
[BlackElo "1719"]
[PlyCount "65"]
[EventDate "2020.04.16"]
[EventType "swiss (blitz)"]
[EventRounds "9"]
[EventCountry "GER"]
[SourceTitle "CBM 195 Extra"]
[Source "ChessBase"]
[SourceDate "2020.05.31"]
[SourceVersion "1"]
[SourceVersionDate "2020.05.31"]
[SourceQuality "1"]

1. Nf3 c5 2. b3 Nc6 3. Bb2 Nf6 4. e3 g6 5. g3 Bg7 6. Bg2 d5 7. 0-0 0-0 8. d3 Bg4 9. Nbd2 Rc8 10. Qc1 b5 11. Ne5 Nxe5 12. Bxe5 c4 13. dxc4 dxc4 14. bxc4 bxc4 15. c3 Nd5 16. Bxg7 Kxg7 17. h3 Bd7 18. Bxd5 Bxh3 19. Bg2 Be6 20. Nf3 Qd6 21. Qd2 Qc7 22. Qd4+ f6 23. Ng5 Bf7 24. Nxf7 Kxf7 25. Rab1 Rfd8 26. Qh4 Kg7 27. Rb7 Qc5 28. Qe4 Kf8 29. Rfb1 Rd2 30. Qh4 Kg7 31. Qe4 Kf8 32. Qe6 Rc6 33. Rb8+ 1-0

[Event "GER-ch Net Amateur Gr-C Vor3"]
[Site "Playchess.com INT"]
[Date "2020.04.16"]
[Round "6"]
[White "Serrer, David"]
[Black "Masa, Cagan"]
[Result "1-0"]
[WhiteElo "1677"]
[BlackElo "1510"]
[PlyCount "103"]
[EventDate "2020.04.16"]
[EventType "swiss (blitz)"]
[EventRounds "9"]
[EventCountry "GER"]
[SourceTitle "CBM 195 Extra"]
[Source "ChessBase"]
[SourceDate "2020.05.31"]
[SourceVersion "1"]
[SourceVersionDate "2020.05.31"]
[SourceQuality "1"]

1. d4 d5 2. c4 dxc4 3. e4 e5 4. Nf3 exd4 5. Bxc4 Be6 6. Bxe6 fxe6 7. Qxd4 Qxd4 8. Nxd4 Bb4+ 9. Bd2 Bxd2+ 10. Nxd2 e5 11. Nb5 Kd8 12. Rd1 Nd7 13. Nc4 a6 14. Nxe5 Ngf6 15. Nc3 Re8 16. Nxd7 Nxd7 17. 0-0 Ke7 18. Nd5+ Kd8 19. f3 Re5 20. Rd2 Rb8 21. Rfd1 Ke8 22. Nxc7+ Kf8 23. Rxd7 Rc8 24. Rd8+ Rxd8 25. Rxd8+ Ke7 26. Re8+ Kd6 27. Rxe5 Kxe5 28. Kf2 Kd6 29. Nd5 g6 30. Ke3 h6 31. Kd4 g5 32. e5+ Ke6 33. Ke4 b5 34. Nc7+ Kd7 35. Nxa6 Ke6 36. Nc7+ Kd7 37. Nxb5 Kc6 38. e6 Kxb5 39. e7 Kc6 40. e8Q+ Kc5 41. a4 Kc4 42. a5 Kc5 43. a6 Kc4 44. a7 h5 45. a8Q h4 46. Qac6+ Kb3 47. Qb8+ Ka2 48. Qc4+ Kb1 49. Qd3+ Ka2 50. Qa7+ Kxb2 51. Qb7+ Ka2 52. Qda6# 1-0

[Event "GER-ch Net Amateur Gr-C Vor3"]
[Site "Playchess.com INT"]
[Date "2020.04.16"]
[Round "9"]
[White "Serrer, David"]
[Black "Segermann, Nils"]
[Result "1-0"]
[WhiteElo "1705"]
[BlackElo "1814"]
[PlyCount "139"]
[EventDate "2020.04.16"]
[EventType "swiss (blitz)"]
[EventRounds "9"]
[EventCountry "GER"]
[SourceTitle "CBM 195 Extra"]
[Source "ChessBase"]
[SourceDate "2020.05.31"]
[SourceVersion "1"]
[SourceVersionDate "2020.05.31"]
[SourceQuality "1"]

1. d4 e6 2. c4 b6 3. e4 Bb7 4. Nc3 Bb4 5. Bd3 Nf6 6. Qc2 Bxc3+ 7. bxc3 d6 8. Nf3 Nbd7 9. 0-0 Qe7 10. Bg5 h6 11. Bh4 g5 12. Bg3 Nh5 13. a4 Nxg3 14. fxg3 Rf8 15. a5 e5 16. axb6 axb6 17. Rxa8+ Bxa8 18. Ra1 Bb7 19. Ra7 f5 20. Rxb7 fxe4 21. Bxe4 Nf6 22. Bg6+ Kd8 23. Rb8+ Kd7 24. Qa4+ Ke6 25. d5+ Nxd5 26. cxd5+ Kxd5 27. Qe4+ Ke6 28. Rxf8 Qxf8 29. Nd4+ Kd7 30. Qf5+ Qxf5 31. Bxf5+ Ke7 32. Nb3 Kf6 33. g4 h5 34. h3 hxg4 35. hxg4 c5 36. Kf2 d5 37. Ke3 d4+ 38. cxd4 exd4+ 39. Kd3 Ke5 40. g3 Kd5 41. Be4+ Ke5 42. Bb7 Kd6 43. Ba6 Kd5 44. Bc4+ Kd6 45. Ke4 Kc6 46. Nxd4+ cxd4 47. Kxd4 Kd6 48. Ke4 Kc5 49. Bd3 Kd6 50. Kf5 Ke7 51. Kxg5 Kf8 52. Kf6 Kg8 53. g5 Kf8 54. g6 Kg8 55. Bc4+ Kf8 56. g7+ Ke8 57. g8Q+ Kd7 58. Qf7+ Kd6 59. Qe6+ Kc5 60. Qd5+ Kb4 61. Qb5+ Kc3 62. Qxb6 Kxc4 63. g4 Kd5 64. g5 Ke4 65. g6 Kd5 66. g7 Ke4 67. g8Q Kf4 68. Qg5+ Kf3 69. Qb3+ Ke4 70. Qg4# 1-0

[Event "GER-ch Net Amateur Gr-C Vor3"]
[Site "Playchess.com INT"]
[Date "2020.04.16"]
[Round "5"]
[White "Trube, Ted"]
[Black "Serrer, David"]
[Result "0-1"]
[WhiteElo "1443"]
[BlackElo "1670"]
[PlyCount "68"]
[EventDate "2020.04.16"]
[EventType "swiss (blitz)"]
[EventRounds "9"]
[EventCountry "GER"]
[SourceTitle "CBM 195 Extra"]
[Source "ChessBase"]
[SourceDate "2020.05.31"]
[SourceVersion "1"]
[SourceVersionDate "2020.05.31"]
[SourceQuality "1"]

1. e4 c5 2. Nf3 Nc6 3. Bc4 e5 4. d3 d6 5. Nc3 Be6 6. Bd2 Bxc4 7. dxc4 g6 8. Be3 Bg7 9. Nb5 Nd4 10. Bxd4 cxd4 11. c3 a6 12. Na3 dxc3 13. bxc3 Qa5 14. 0-0 Qxa3 15. Re1 Ne7 16. Ng5 0-0 17. Re3 h6 18. Nf3 Qc5 19. Rb1 Rab8 20. g3 f5 21. Kg2 f4 22. gxf4 exf4 23. Rd3 Be5 24. Nxe5 dxe5 25. Rd7 Rf7 26. Rbxb7 Rxb7 27. Rxb7 f3+ 28. Kg3 Qc6 29. Qd8+ Kg7 30. Rxe7 Qf6 31. Rxf7+ Qxf7 32. Qb6 Qf4+ 33. Kh3 g5 34. Qc7+ Kg6 0-1